000 01017cam4a220028900 4500
001 tmp16037500
003 UPRA
005 20190830113049.0
008 951128s1963 enk deng u
035 _a(Sirsi) r27904
035 _a(UPRA)tmp16037500
035 _a(UPRA)tmp15206708
040 _cUPRA
100 1 _aSuttie, Ian Dishart.
_6A36982.1
245 1 4 _aThe origins of love and hate /
_cby Ian D. Suttie ... ; with a preface by J.A. Hadfield.
260 _aHarmondsworth, Middlesex :
_bPenguin,
_c[1963]
600 1 0 _aFreud, Sigmund, 1856-1939.
_dFreud, Sigmund, 1856-1939.
_6S11336.1
650 0 _aLove.
_6S2881.1
650 0 _aHate.
_6S29117.1
650 0 _aPsychoanalysis.
_6S3157.1
949 _aBF173
_wlcc
_i-29575
_mMEDICAL
_tBOOK
_lON-SHELF
949 _aBF173
_wlcc
_i-29576
_mMEDICAL
_tBOOK
_lON-SHELF
949 _aBF173
_wlcc
_i-29577
_mMEDICAL
_tBOOK
_lON-SHELF
949 _aBF173
_wlcc
_i-29578
_mMAIN
_tBOOK
_lON-SHELF
949 _aBF173
_wlcc
_i33729005206110
_mMAIN
_tBOOK
_lON-SHELF
004 27904
999 _c192690
_d192690